|
|
|
|
| LEADER |
00000nam0a2200000 4500 |
| 001 |
50928 |
| 005 |
20231031033945.0 |
| 035 |
|
|
|a (RuTPU)RU\TPU\book\53316
|
| 090 |
|
|
|a 50928
|
| 100 |
|
|
|a 20030422d1972 m y0rusy50 ca
|
| 101 |
0 |
|
|a rus
|
| 102 |
|
|
|a RU
|
| 105 |
|
|
|a a j 001zy
|
| 200 |
1 |
|
|a Теплотехнические испытания котельных агрегатов
|e учебное пособие
|f В. Н. Смиренский
|g Томский политехнический институт
|
| 205 |
|
|
|a 2-е изд., испр. и доп.
|
| 210 |
|
|
|a Томск
|c Изд-во ТГУ
|d 1972
|
| 215 |
|
|
|a 102 с.
|c ил.
|
| 320 |
|
|
|a Библиогр.: с. 100
|
| 610 |
1 |
|
|a котельные установки
|
| 610 |
1 |
|
|a котлоагрегаты
|
| 610 |
1 |
|
|a теплоэнергетика
|
| 610 |
1 |
|
|a тепловой баланс
|
| 610 |
1 |
|
|a теплотехнические измерения
|
| 675 |
|
|
|a 621.18.001.4(075.8)
|v 3
|
| 700 |
|
1 |
|a Смиренский
|b В. Н.
|g Виктор Николаевич
|
| 712 |
0 |
2 |
|a Томский политехнический институт
|2 stltpush
|3 (RuTPU)RU\TPU\col\1123
|
| 801 |
|
1 |
|a RU
|b 63413507
|c 20030422
|g PSBO
|
| 801 |
|
2 |
|a RU
|b 63413507
|c 20200709
|g PSBO
|
| 942 |
|
|
|c BK
|